Das Ofner Stadtrecht; eine deutschsprachige Rechtssammlung des 15. Jahrhunderts aus Ungarn,

Saved in:
Bibliographic Details
Corporate Author: Buda (Hungary)
Other Authors: Mollay, Károly, (ed.)
Format: Book
Language:German
Published: Weimar, H. Böhlaus Nachfolger, 1959.
Subjects:
Tags: Add Tag
No Tags, Be the first to tag this record!
LEADER 00733nam a2200217I 4500
001 004181663-3
005 20020606095253.2
008 780930s1959 gw bfh b 001 0 ger
010 |a  61031266  
035 0 |a ocm04251998 
040 |a DLC  |c IYU  |d IYU  |d HLS 
090 |a KKN0  |b .B83x 
110 1 |a Buda (Hungary) 
245 1 4 |a Das Ofner Stadtrecht;  |b eine deutschsprachige Rechtssammlung des 15. Jahrhunderts aus Ungarn,  |c hrsg. von Karl Mollay. 
260 |a Weimar,  |b H. Böhlaus Nachfolger,  |c 1959. 
300 |a 237 p.  |b 14 plates (incl. facsims.) 2 maps (1 fold.)  |c 25 cm. 
504 |a Includes bibliographical references. 
650 0 |a Law  |z Hungary  |z Budapest  |x History. 
700 1 |a Mollay, Károly,  |e ed. 
988 |a 20020608 
906 |0 DLC